Pulgas, el perro de Jose Luis / (Record no. 29835)
[ view plain ]
| 000 -LEADER | |
|---|---|
| fixed length control field | 00554nam a22001937a 4500 |
| 001 - CONTROL NUMBER | |
| control field | sjds |
| 003 - CONTROL NUMBER IDENTIFIER | |
| control field | sjds |
| 005 - DATE AND TIME OF LATEST TRANSACTION | |
| control field | 20240527132336.0 |
| 008 - FIXED-LENGTH DATA ELEMENTS--GENERAL INFORMATION | |
| fixed length control field | 240527b |||||||| |||| 00| 0 spa d |
| 020 ## - INTERNATIONAL STANDARD BOOK NUMBER | |
| International Standard Book Number | 9780395630631 |
| 040 ## - CATALOGING SOURCE | |
| Transcribing agency | sjds |
| 100 ## - MAIN ENTRY--PERSONAL NAME | |
| Personal name | Robleda Moguel, Margarita |
| 245 ## - TITLE STATEMENT | |
| Title | Pulgas, el perro de Jose Luis / |
| Statement of responsibility, etc. | Margarita Robleda Moguel, Maribel Suarez |
| 260 ## - PUBLICATION, DISTRIBUTION, ETC. (IMPRINT) | |
| Place of publication, distribution, etc. | Boston : |
| Name of publisher, distributor, etc. | Houghton Mifflin, |
| Date of publication, distribution, etc. | 1993, c1990 |
| 300 ## - PHYSICAL DESCRIPTION | |
| Extent | 23 pages : |
| Other physical details | color illustrations |
| 440 ## - SERIES STATEMENT/ADDED ENTRY--TITLE | |
| Title | Celebremos la literatura |
| 700 1# - ADDED ENTRY--PERSONAL NAME | |
| Personal name | Suarez, Maribel |
| 942 ## - ADDED ENTRY ELEMENTS (KOHA) | |
| Koha item type | Libro/Book |
| Withdrawn status | Lost status | Damaged status | Not for loan | Home library | Current library | Date acquired | Total Checkouts | Barcode | Date last seen | Date checked out | Price effective from | Koha item type | Inventory number | Full call number |
|---|---|---|---|---|---|---|---|---|---|---|---|---|---|---|
| San Juan Del Sur -- Mobile | San Juan Del Sur -- Mobile | 27/05/2024 | 1 | 33005080 | 22/11/2024 | 08/10/2024 | 27/05/2024 | Libro/Book | ||||||
| San Juan Del Sur -- Mobile | San Juan Del Sur -- Mobile | 13/03/2025 | 30030812 | 13/03/2025 | 13/03/2025 | Libro/Book | Inventory date: 13-3-25 | JI | ||||||
| San Juan Del Sur -- Mobile | San Juan Del Sur -- Mobile | 13/03/2025 | 30030819 | 13/03/2025 | 13/03/2025 | Libro/Book | Inventory date: 13-3-25 | JI | ||||||
| San Juan Del Sur -- Mobile | San Juan Del Sur -- Mobile | 17/03/2025 | 30030768 | 17/03/2025 | 17/03/2025 | Libro/Book | Inventory date: 13-3-25 | JI |